| 000 | 00619nam a2200181Ia 4500 | ||
|---|---|---|---|
| 008 | 100920s9999 xx 000 0 und d | ||
| 082 |
_b95493 _a891.43 थ 83 |
||
| 100 | _aचेेेस जेम्स हॅडली. | ||
| 245 | _aमै इन्तकाम लुंगा. | ||
| 260 |
_bशनु पेपर बुक्स दिल्ली. _c1983 |
||
| 300 |
_a364 _bसाधी |
||
| 365 | _b10 | ||
| 520 | _aहिंदी. | ||
| 630 | _aमै इन्तकाम लुंगा. | ||
| 650 | _aहिंदी. | ||
| 730 | _aमै इन्तकाम लुंगा. | ||
| 942 | _cBOOK | ||
| 999 |
_c735935 _d735932 |
||